Getting to yes : negotiating an agreement without giving in (Record no. 282883)

MARC details
000 -LEADER
fixed length control field 00504nam a2200193Ia 4500
003 - CONTROL NUMBER IDENTIFIER
control field OSt
005 - DATE AND TIME OF LATEST TRANSACTION
control field 20240913103031.0
008 - FIXED-LENGTH DATA ELEMENTS--GENERAL INFORMATION
fixed length control field 240126s9999 xx 000 0 und d
020 ## - INTERNATIONAL STANDARD BOOK NUMBER
International Standard Book Number 9781847940933
040 ## - CATALOGING SOURCE
Transcribing agency 0
041 ## - LANGUAGE CODE
Language code of text/sound track or separate title English
082 ## - DEWEY DECIMAL CLASSIFICATION NUMBER
Classification number 158.5 FIS;1 R
100 ## - MAIN ENTRY--PERSONAL NAME
Personal name Fisher, Roger. Ury, William. Patton, Bruce.
245 #0 - TITLE STATEMENT
Title Getting to yes : negotiating an agreement without giving in
260 ## - PUBLICATION, DISTRIBUTION, ETC.
Name of publisher, distributor, etc. Random House
Place of publication, distribution, etc. London
300 ## - PHYSICAL DESCRIPTION
Extent xxvii, 204
440 ## - SERIES STATEMENT/ADDED ENTRY--TITLE
Title NULL
942 ## - ADDED ENTRY ELEMENTS (KOHA)
Koha item type Law Books
Source of classification or shelving scheme Dewey Decimal Classification
Holdings
Date last seen Total checkouts Full call number Accession number Date due Volume/Issue Number Date last checked out Cost, total (INR) price Price effective from Category Lost status Source of classification or shelving scheme Damaged status Department Withdrawn status Home library Current library Shelving location Entry date Vendor Cost, normal purchase price Grants Billnumber Currency symbol Conversion rate Discount Old discount Total renewals
19/09/2025 1 158.5 FIS;1 R LL498 03/10/2025 (03/07/1905) 19/09/2025 359.28 26/01/2024 Law Books   Dewey Decimal Classification   LAW   Law Library Law Library   31/10/2017 Surya Book Supplier 499.00 Law 766 RS 1 139.72 28  
26/01/2024   158.5 FIS;2 R1 LL499   (03/07/1905)   359.28 26/01/2024 Law Books   Dewey Decimal Classification   LAW   Law Library Law Library   31/10/2017 Surya Book Supplier 499.00 Law 766 RS 1 139.72 28  
25/11/2024 1 158.5 FIS;3 LL534   (03/07/1905) 07/11/2024 399.20 26/01/2024 Law Books   Dewey Decimal Classification   LAW   Law Library Law Library   12/01/2018 Sunrise 499.00 Law IN/2349-A RS 1 99.8 20 1

© For any Suggestions or Query, please contact the library staff @ librarian@pes.edu or Phone: +9180 2672 1983/ 2108.